Education, culture and health practices: socialisation and aids awareness among students in Manipur (Record no. 13272)

MARC details
000 -LEADER
fixed length control field 00643nam a2200193Ia 4500
082 ## - DEWEY DECIMAL CLASSIFICATION NUMBER
Classification number TS.0995
100 ## - MAIN ENTRY--AUTHOR NAME
Personal name Singh, Nameirakpam Samungou
245 #0 - TITLE STATEMENT
Title Education, culture and health practices: socialisation and aids awareness among students in Manipur
260 ## - PUBLICATION, DISTRIBUTION, ETC. (IMPRINT)
Year of publication 2008
Name of publisher Jawaharlal Nehru University, New Delhi
300 ## - PHYSICAL DESCRIPTION
Number of Pages 234
504 ## - BIBLIOGRAPHY, ETC. NOTE
Bibliography, etc includes appendices and bibliography
650 ## - SUBJECT ADDED ENTRY--TOPICAL TERM
Topical Term Socialism and culture
Form subdivision Manipur
650 ## - SUBJECT ADDED ENTRY--TOPICAL TERM
Topical Term Socialism and education
Form subdivision Manipur
650 ## - SUBJECT ADDED ENTRY--TOPICAL TERM
Topical Term HIV (Viruses)
Form subdivision Manipur
650 ## - SUBJECT ADDED ENTRY--TOPICAL TERM
Topical Term AIDS (Disease)
Form subdivision Manipur
650 ## - SUBJECT ADDED ENTRY--TOPICAL TERM
Topical Term Students
Form subdivision ManipurX
710 ## - ADDED ENTRY--CORPORATE NAME
Corporate name or jurisdiction name as entry element Srinivasa Rao, S
942 ## - ADDED ENTRY ELEMENTS (KOHA)
Koha item type Thesis
Source of classification or shelving scheme Dewey Decimal Classification
Holdings
Withdrawn status Lost status Damaged status Not for loan Home library Current library Date acquired Source of acquisition Bill Date Full call number Accession Number Price effective from Koha item type
        NASSDOC Library NASSDOC Library 17/11/2008 Gifted by : Fellowship Division, ICSSR 2008-09-15 TS.0995 44786 18/04/2019 Thesis